<?xml version="1.0" encoding="UTF-8"?>
<record
    xmlns:xsi="http://www.w3.org/2001/XMLSchema-instance"
    xsi:schemaLocation="http://www.loc.gov/MARC21/slim http://www.loc.gov/standards/marcxml/schema/MARC21slim.xsd"
    xmlns="http://www.loc.gov/MARC21/slim">

  <leader>00951nam a22002537a 4500</leader>
  <controlfield tag="005">20170123162304.0</controlfield>
  <datafield tag="010" ind1=" " ind2=" ">
    <subfield code="a">B-029261 </subfield>
  </datafield>
  <datafield tag="020" ind1=" " ind2=" ">
    <subfield code="c">150.00</subfield>
    <subfield code="a">8187231262</subfield>
  </datafield>
  <datafield tag="035" ind1=" " ind2=" ">
    <subfield code="a">B-029261 </subfield>
  </datafield>
  <datafield tag="037" ind1=" " ind2=" ">
    <subfield code="b">Cen Lib/Ret</subfield>
  </datafield>
  <datafield tag="040" ind1=" " ind2=" ">
    <subfield code="a">DPL</subfield>
    <subfield code="b">UR</subfield>
  </datafield>
  <datafield tag="082" ind1=" " ind2=" ">
    <subfield code="a">841.08</subfield>
    <subfield code="b">&#x627; &#x628; &#x648; </subfield>
  </datafield>
  <datafield tag="100" ind1=" " ind2=" ">
    <subfield code="a">&#x627;&#x628;&#x6D2; &#x645;&#x62D;&#x645;&#x651;&#x62F; &#x633;&#x62D;&#x631; </subfield>
    <subfield code="9">109141</subfield>
  </datafield>
  <datafield tag="245" ind1=" " ind2=" ">
    <subfield code="a">&#x627;&#x631;&#x62F;&#x648; &#x645;&#x6CC;&#x6BA; &#x642;&#x635;&#x6CC;&#x62F;&#x6C1; &#x646;&#x6AF;&#x627;&#x631;&#x6CC; /</subfield>
    <subfield code="c">&#x627;&#x628;&#x6D2; &#x645;&#x62D;&#x645;&#x651;&#x62F; &#x633;&#x62D;&#x631; </subfield>
  </datafield>
  <datafield tag="246" ind1=" " ind2=" ">
    <subfield code="a">Urdu mein qaseeda nigari /</subfield>
    <subfield code="b">nu ABu Mohammad Sahar </subfield>
  </datafield>
  <datafield tag="260" ind1=" " ind2=" ">
    <subfield code="a">&#x62F;&#x6C1;&#x644;&#x6CC; </subfield>
    <subfield code="b">&#x62A;&#x62E;&#x644;&#x6CC;&#x642;&#x6A9;&#x627;&#x631; &#x67E;&#x628;&#x644;&#x6CC;&#x634;&#x6CC;&#x631;&#x633;</subfield>
    <subfield code="c">2007</subfield>
  </datafield>
  <datafield tag="270" ind1=" " ind2=" ">
    <subfield code="b">&#x62F;&#x6C1;&#x644;&#x6CC; </subfield>
    <subfield code="a">104/B- &#x6CC;&#x627;&#x648;&#x631; &#x645;&#x646;&#x632;&#x644; &#x661; &#x628;&#x644;&#x627;&#x6A9; &#x644;&#x6A9;&#x634;&#x645;&#x6CC; &#x646;&#x6AF;&#x631;  </subfield>
    <subfield code="e">110092</subfield>
  </datafield>
  <datafield tag="300" ind1=" " ind2=" ">
    <subfield code="a">274p.</subfield>
    <subfield code="c">21cm(Hb)</subfield>
  </datafield>
  <datafield tag="650" ind1=" " ind2=" ">
    <subfield code="a">&#x634;&#x627;&#x639;&#x631;&#x6CC;&#x60C; &#x627;&#x631;&#x62F;&#x648; - &#x62A;&#x627;&#x631;&#x6CC;&#x62E; &#x627;&#x648;&#x631; &#x62A;&#x646;&#x642;&#x6CC;&#x62F;.</subfield>
    <subfield code="9">109142</subfield>
  </datafield>
  <datafield tag="650" ind1=" " ind2=" ">
    <subfield code="a">&#x634;&#x627;&#x639;&#x631;&#x6CC;&#x60C; &#x627;&#x631;&#x62F;&#x648;</subfield>
    <subfield code="9">109143</subfield>
  </datafield>
  <datafield tag="650" ind1=" " ind2=" ">
    <subfield code="a">   Laudatory poetry, Urdu -- History and criticism. </subfield>
    <subfield code="9">109144</subfield>
  </datafield>
  <datafield tag="650" ind1=" " ind2=" ">
    <subfield code="a">Urdu poetry</subfield>
    <subfield code="9">109145</subfield>
  </datafield>
  <datafield tag="942" ind1=" " ind2=" ">
    <subfield code="2">ddc</subfield>
    <subfield code="c">UR</subfield>
    <subfield code="h">841.08</subfield>
    <subfield code="m">&#x627; &#x628; &#x648; </subfield>
  </datafield>
  <datafield tag="999" ind1=" " ind2=" ">
    <subfield code="c">106205</subfield>
    <subfield code="d">106205</subfield>
  </datafield>
  <datafield tag="952" ind1=" " ind2=" ">
    <subfield code="0">0</subfield>
    <subfield code="1">0</subfield>
    <subfield code="4">0</subfield>
    <subfield code="7">0</subfield>
    <subfield code="a">L</subfield>
    <subfield code="b">L</subfield>
    <subfield code="d">2015-12-16</subfield>
    <subfield code="e">Cen Lib/Ret</subfield>
    <subfield code="g">150.00</subfield>
    <subfield code="l">1</subfield>
    <subfield code="o">841.08 &#x627; &#x628; &#x648;</subfield>
    <subfield code="p">B-029261 </subfield>
    <subfield code="r">2019-02-06 00:00:00</subfield>
    <subfield code="s">2019-01-22</subfield>
    <subfield code="t">1</subfield>
    <subfield code="v">150.00</subfield>
    <subfield code="w">2015-12-16</subfield>
    <subfield code="y">UR</subfield>
  </datafield>
</record>
